000 00775nam a2200253Ia 4500
003 OSt
005 20221005113415.0
006 a|||||r|||| 00| 0
007 ta
008 221004b |||||||| |||| 00| 0 pan d
020 _a9788178835655 (hbk)
024 _a8599
037 _bGift, 24/01/2014,
_cTextual
040 _aCRL
_cCRL
_bpan
041 _2pan
_apan
082 _aP153:f, P9
100 _aਮਨਮੋਹਨ
245 0 _aਗੁਰਮੁਖੀ ਦੀ ਜੁਗਤ
260 _aਲੁਧਿਆਣਾ
_bਚੇਤਨਾ ਪ੍ਰਕਾFਨ ਭਾਰਤ
_c2009
300 _a95ਪੰ
_ccm.
650 _aਪੰਜਾਬੀ ਭਾFਾ
942 _hP153:f, P9
_cTEXL
_2cc
999 _c1028090
_d1028090